Central Library OPAC University of Rajshahi

Falsafat al-mashrūʻ al-ḥaḍārī :فلسفة المشروع الحضاري : (Record no. 80872)

MARC details
000 -LEADER
fixed length control field 01616cam a2200325 a 4500
001 - CONTROL NUMBER
control field 80872
003 - CONTROL NUMBER IDENTIFIER
rucl marc code BD-RjUL
005 - DATE AND TIME OF LATEST TRANSACTION
control field 20221201124026.0
008 - FIXED-LENGTH DATA ELEMENTS--GENERAL INFORMATION
fixed length control field 221201s1995 vau b 001 0 arao
020 ## - INTERNATIONAL STANDARD BOOK NUMBER
International Standard Book Number 1565642228 (pbk. : set)
International Standard Book Number 156564221X (hard : set)
035 ## - SYSTEM CONTROL NUMBER
System control number (BD-RjUL)80872
040 ## - CATALOGING SOURCE
Original cataloging agency DLC
Transcribing agency DLC
Modifying agency DLC
Language of cataloging eng
041 ## - LANGUAGE CODE
Language code of text/sound track or separate title eng
082 00 - DEWEY DECIMAL CLASSIFICATION NUMBER
Classification number 297/.09/04
Edition number 20
Author mark and year ABF 1995
100 2# - MAIN ENTRY--PERSONAL NAME
Personal name عبد الرازق، احمد محمد جادʻ Abd al-Rāziq, Aḥmad Muḥammad Jād.
9 (RLIN) 6105
245 10 - TITLE STATEMENT
Title Falsafat al-mashrūʻ al-ḥaḍārī :فلسفة المشروع الحضاري :
Remainder of title bayna al-iḥyāʼ al-Islāmī wa-al-taḥdīth al-Gharbī بين الاحياء الاسلامي والتحديث الغربي /
Statement of responsibility, etc. احمد محمد جاد عبد الرازق Aḥmad Muḥammad Jād ʻAbd al-Rāziq.
250 ## - EDITION STATEMENT
Edition statement al-Ṭabʻah 1.
260 ## - PUBLICATION, DISTRIBUTION, ETC. (IMPRINT)
Place of publication, distribution, etc. Hīrindun, Fīrjīniyā, al-Wilāyāt al-Muttaḥidah al-Amrīkīyah :
Name of publisher, distributor, etc. المعهد العالمي للفكر الاسلامي al-Maʻhad al-ʻĀlamī lil-Fikr al-Islāmī,
Date of publication, distribution, etc. 1995.
300 ## - PHYSICAL DESCRIPTION
Pagination 2 v. (1031 p.) ;
Illustrations c23 cm.
490 1# - SERIES STATEMENT
Series statement Silsilat al-Rasāʼil al-jāmiʻīyah ;
Volume/sequential designation 16
500 ## - GENERAL NOTE
General note Originally presented as the author's thesis (doctoral)--Jāmiʻat al-Qāhirah, 1994.
504 ## - BIBLIOGRAPHY, ETC. NOTE
Bibliography, etc Includes bibliographical references (v. 2, p. 967-1010) and indexes.
650 #0 - SUBJECT ADDED ENTRY--TOPICAL TERM
Topical term or geographic name as entry element Islam
Chronological subdivision 20th century.
9 (RLIN) 840
Topical term or geographic name as entry element Islam
Geographic subdivision Egypt.
9 (RLIN) 6106
Topical term or geographic name as entry element Islamic philosophy
Form subdivision Miscellanea.
9 (RLIN) 6107
830 #0 - SERIES ADDED ENTRY--UNIFORM TITLE
Uniform title Silsilat al-Rasāʼil al-jāmiʻīyah (Herndon, Va.) ;
Volume number/sequential designation 16.
942 ## - ADDED ENTRY ELEMENTS (KOHA)
Source of classification or shelving scheme Dewey Decimal Classification
Koha item type Books
Holdings
Lost status Source of classification or shelving scheme Damaged status Not for loan Collection code Permanent Location Current Location Shelving location Date acquired Source of acquisition Full call number Date last seen Copy number Koha item type
  Dewey Decimal Classification   Not For Loan Non-fiction Central Library, University of Rajshahi Central Library, University of Rajshahi Reading Room 29/09/1990 Intertionaal Institute of Islamic Thought A 297.0904 ABF V-1 1995 01/12/2022 C-1 Books